000 03195nab a2200265 i 4500
003 BR-BrBNA
005 20241211090252.0
008 241211b2011 bl.qr|pooa||| 00| 0 por |
040 _aBR-BrBNA
_bpor
072 _aF70
100 _aWinter, Sara Lopes de Sousa
100 _aSylvestre, Lana da Silva
100 _aPrado, Jefferson
245 _aO gênero Adiantum AdiantumAdiantum (Pteridaceae) no estado do Rio de Janeiro, Brasil
500 _aPublicação on-line; 24 ref. 3 illus.; Summaries (En, Pt)
520 _a Resumo Adiantum L. é um gênero facilmente reconhecível pela presença de pseudo-indúsio com nervuras, formado pela margem revoluta da lâmina. Compreende espécies terrestres ou epipétricas. É um grupo Pantropical com cerca de 200 espécies, sendo que 70 delas ocorrem na América do Sul e 62 no Brasil. Adiantum ocorre principalmente no interior de florestas primárias e secundárias, desde o nível do mar até cerca de 2.000 metros de altitude. Visando-se o conhecimento regional do grupo no Brasil, o presente trabalho apresenta o levantamento do gênero Adiantum no estado do Rio de Janeiro, fornecendo chave de identificação, descrições, comentários e ilustrações das espécies. Existem 20 espécies de Adiantum no Estado, correspondendo a 30% do número total registrado para o Brasil e podem ser encontradas desde florestas úmidas até restingas, desde o nível do mar até 850 metros de altitude. Dentre as espécies inventariadas, algumas possuem ampla distribuição na América Central e América do Sul (70%), enquanto outras são endêmicas do Brasil (30%). Palavras-chave: Adiantoideae, Floresta Atlântica, samambaias, taxonomia.
520 _a Abstract The genus Adiantum L. can be easily recognized by the pseudoindusium formed by the revolute margin of the lamina and with veins. The species of this genus are terrestrial or lithophytics. It is a Pantropical group with approximately 200 species, 70 of which occur in South America, and 62 in Brazil. Its species are usually found in primary and secondary forests, from sea level to 2,000 meters. Aimed the regional knowledge of this group in Brazil, this study reports a floristic survey of the genus Adiantum to the state of Rio de Janeiro, providing an identification key, descriptions, comments, and illustrations of the species. There are 20 species of Adiantum in the state, corresponding to 30% of the species recorded to Brazil. They can be found in rainforests and sandy coastal plain vegetation, from sea level to 850 meters. Some species have a wide range of distribution in Central and South America (70%), whereas others are endemic to Brazil (30%). Key words: Adiantoideae, Atlantic Forest, ferns, taxonomy.
650 _aFLORESTA ATLÂNTICA
650 _aSAMAMBAIA
650 _aTAXONOMIA
773 0 _0709
_9347204
_dRio de Janeiro-RJ Jardim Botanico do Rio de Janeiro 1935
_o2024-8121
_tRodriguésia (Brazil)
_x0370-6583; 2175-7860 on-line
_gv. 62(3) p. 663-681; (2011)
_wBR2024003851
856 _uhttps://www.scielo.br/j/rod/a/D8xZqFyt8yhN4R387J8tXRg/?format=pdf&lang=pt
942 _cANA
999 _c329163
_d329163